=LDR 00000nam 2200000 4500 =001 INLIS000000000005439 =005 20251016084010 =035 ##$$a 0010-1025000494 =007 ta =008 251016###########################0#ind## =082 ##$$a 001.42 =084 ##$$a 001.42 PEN =245 ##$$a Pendayagunaan Hasil Penelitian Untuk Implikasi Kebijaksanaan /$c Badan Koordinasi Keluarga Berencana Nasional =260 ##$$a Jakarta :$b Badan Koordinasi Keluarga Berencana Nasional,$c 2000 =300 ##$$a 13 Hal : $b Ilus ; $c 21 =650 #4$$a Keluarga Berencana =856 ##$$a Perpustakaan Kemendukbangga